000 00683nam a2200169 a 4500
008 060921s2006 ||||||||||||||||| || u
050 _aIBRD(08)PRWP/3825
100 _aBogetic, Zeljko
245 1 0 _aInternational benchmarking of Lesotho's infrastructure performance
260 _aWashington. D. C
_bWorld Bank
_c2006
300 _a12p.;ill.
350 _a0.00
490 _aWorld Bank policy research working papers
650 _aINFRASTRUCTURE PERFORMANCE--RESEARCH--LESOTHO
650 0 _aECONOMICS
995 _D0.00
_FCBU-MAIN LIBRARY (Kitwe)
_H1
_I0.00
_M1
_UAVAILABLE
_WSep 21, 2006
_ZInternational Publications
999 _c47292
_d47292